Hydrogen production cost estimate using biomass gasification : independent review.

Bibliographic Details
Corporate Authors: National Renewable Energy Laboratory (U.S.), Hydrogen and Fuel Cells Program (U.S.)
Format: Government Document eBook
Language:English
Published: Golden, Colo. : National Renewable Energy Laboratory, [2011]
Series:NREL/BK ; 6 A 10-51726.
Subjects:
Online Access:https://purl.fdlp.gov/GPO/gpo16329

MARC

Tag First Indicator Second Indicator Subfields
LEADER 00000cam a2200000 a 4500
001 in00002741221
005 20211120163655.0
006 m d f
007 cr cn|||||||||
008 111213s2011 coua ob f000 0 eng c
035 |a (OCoLC)ocn768191921 
040 |a GPO  |c GPO  |d MvI  |d UtOrBLW 
042 |a pcc 
049 |a WWW 
074 |a 0430-P-10 (online) 
086 0 |a E 9.23:NREL/BK 6 A 10-51726 
245 0 0 |a Hydrogen production cost estimate using biomass gasification :  |b independent review. 
264 1 |a Golden, Colo. :  |b National Renewable Energy Laboratory,  |c [2011] 
300 |a 1 online resource (xiii, 37 pages) :  |b color illustrations 
336 |a text  |b txt  |2 rdacontent 
337 |a computer  |b c  |2 rdamedia 
338 |a online resource  |b cr  |2 rdacarrier 
490 1 |a NREL/BK ;  |v 6A10-51726 
500 |a Title from title screen (viewed on Dec. 13, 2011). 
500 |a "October 2011." 
500 |a "Published for the U.S. Department of Energy Hydrogen and Fuel Cells Program." 
504 |a Includes bibliographical references (page 37). 
536 |b DE-AC36-08GO28308 
500 |a Electronic resource. 
650 0 |a Biomass gasification  |x Economic aspects. 
650 0 |a Hydrogen as fuel  |x Economic aspects. 
710 2 |a National Renewable Energy Laboratory (U.S.) 
710 2 |a Hydrogen and Fuel Cells Program (U.S.) 
830 0 |a NREL/BK ;  |v 6 A 10-51726. 
856 4 0 |u https://purl.fdlp.gov/GPO/gpo16329  |t 0 
999 |a MARS 
999 f f |s a4c55086-98f2-36b9-ae8b-9c8e9198330a  |i c1d21571-8da5-32a2-9d5a-4280b610d7ee  |t 0 
952 f f |a Texas A&M University  |b College Station  |c Electronic Resources  |d Available Online  |t 0  |e E 9.23:NREL/BK 6 A 10-51726  |h Superintendent of Documents classification 
998 f f |a E 9.23:NREL/BK 6 A 10-51726  |t 0  |l Available Online